000
00305nam a22001337a 4500
999
_c
13233
_d
13233
020
_a
9789692102940
082
_a
003
100
_a
Professor Dr M.M.A Feeroze
245
_a
Operations Research
250
_a
1st Edition
260
_a
Pakistan
_b
Paramount Books
_c
2021
300
_a
274 pages
942
_c
BK